Ako bežať preteky o euro

Bibliographic Details
Main Author: Tirpák, Marcel (Author)
Format: Article
Language:Slovak
PhysicalDescription:Fotogr., grafy
ISSN:1336-1325
Subjects:

MARC

LEADER 00000nab a2200000 a 4500
001 vtls000845238
003 SK-MaSNL
005 20260426082531.0
008 180207c2003 xo 0 slo
015 |a SNBRB2003/09-23420 
035 |a CLN000196893 
040 |a SNKBUCL  |b slo  |c SNKBUCL  |e AACR2 
041 0 |a slo 
044 |a xo  |c SK 
080 |a 327(437.6:4):327.39(4)  |2 UDC-MRF-SK2 
080 |a 336.743(437.6):336.744(4)  |2 UDC-MRF-SK2 
080 |a 336.744(4)  |2 UDC-MRF-SK2 
100 1 |a Tirpák, Marcel  |4 aut  |9 862797 
245 1 0 |a Ako bežať preteky o euro  |c Marcel Tirpák 
300 |b Fotogr., grafy 
610 2 7 |a Európska únia  |2 SNKKA  |9 29861 
650 0 7 |a jednotná európska mena  |2 SNKPH  |9 28024 
650 0 7 |a európska integrácia  |2 SNKPH  |9 2140 
651 7 |a Slovensko  |2 SNKPHgeo  |9 14231 
655 7 |a články z novín a časopisov  |2 snkbucl  |9 267496 
773 0 |x 1336-1325  |t Formát  |g Roč. 2, č. 33 (2003), s. 38-40 
850 |a Slovenská národná knižnica v Martine 
852 |a SNK  |b KIS3GCP 
958 |a RBX 
999 |c 2877513  |d 2879443